| 000 | 00579nam a2200193 a 4500 | ||
|---|---|---|---|
| 005 | 20140310183212.0 | ||
| 008 | 030425s19uu xx 00 eng d | ||
| 050 |
_aHD 30.28 _b.T53 19-- |
||
| 100 | _aStrickland, Thompson | ||
| 245 |
_aStrategic management : _bconcepts and cases / _cThompson Strickland. |
||
| 260 |
_aPlano, Tex. : _bBusiness Publications, _c19--. |
||
| 300 |
_a1054 p. : _b25 cm. |
||
| 500 | _aIncludes Index. | ||
| 521 | _aBSBA | ||
| 650 | _aStrategic planning. | ||
| 650 |
_aStrategic planning _xcase studies. |
||
| 942 |
_cBK _2lcc _kFOR |
||
| 999 |
_c20161 _d20161 |
||